PSICOLOGIA DE LA EDUCACION /

TRADUCCION DE: EDUCATIONAL PSYCHOLOGY

Uloženo v:
Podrobná bibliografie
Hlavní autor: Kelly, William A. (autor)
Médium: Kniha
Vydání:2a edición
Témata:
Tagy: Přidat tag
Žádné tagy, Buďte první, kdo vytvoří štítek k tomuto záznamu!

MARC

LEADER 00000nam^a2200000^a^4500
001 000232141
005 20250521000000.0
009 20260310104549.852
035 |a 054629 
037 |a Acervo Xavier Clavigero 
082 |a 370. 15  |b KEL 
100 |a Kelly, William A.  |e (autor) 
245 1 0 |a PSICOLOGIA DE LA EDUCACION /  |c W.A. KELLY ; TR. ED. MORATA 
250 |a 2a edición 
264 |a MADRID :  |b MORATA,  |c 1964 
300 |a 2 V. 
336 |a texto  |b txt  |2 rdacontenido 
337 |a sin mediación  |b n  |2 rdamedio 
338 |a volumen  |b nc  |2 rdasoporte 
440
520 |a TRADUCCION DE: EDUCATIONAL PSYCHOLOGY 
520 |a CONTENIDO: V.1. PSICOPEDAGOGIA FUNDAMENTAL Y DIDACTICA. --V.2. APLICACIONES ESPECIALES Y ENSEÑANZA PROGRAMADA 
649 |a XX 
650 |a Psicología Educativa 
910 |a Fondo General 
920 |a Impresos - Libros 
930 |a Colección General 
905 |a 101 
901 |a 054629  |b IT1  |c ACC  |i 054629  |u 20250521 
901 |a 054630  |b IT1  |c ACC  |i 054630  |u 20250521 
902 |a https://opac.biblio.iteso.mx/vufind/Record/000232141